Champion de D1 française de handball - Statistiques

Statistiques générales
  • Ce quiz a été pris 1 393 fois
  • Le résultat moyen est 28 sur 35
Statistiques - réponses
Année Vainqueur % Correct
2013 Paris Saint-Germain
100%
2015 Paris Saint-Germain
100%
2016 Paris Saint-Germain
100%
2017 Paris Saint-Germain
100%
2018 Paris Saint-Germain
100%
2019 Paris Saint-Germain
100%
2020 Paris Saint-Germain
100%
2021 Paris Saint-Germain
100%
2022 Paris Saint-Germain
100%
2023 Paris Saint-Germain
100%
2008 Montpellier AHB
94%
2009 Montpellier AHB
94%
2010 Montpellier AHB
94%
2011 Montpellier AHB
94%
2012 Montpellier AHB
94%
1995 Montpellier Handball
94%
1998 Montpellier Handball
94%
1999 Montpellier Handball
94%
2000 Montpellier Handball
94%
2002 Montpellier Handball
94%
2003 Montpellier Handball
94%
2004 Montpellier Handball
94%
2005 Montpellier Handball
94%
2006 Montpellier Handball
94%
2001 SO Chambéry
65%
2014 Dunkerque HGL
58%
1990 USAM Nîmes 30
54%
1991 USAM Nîmes 30
54%
1993 USAM Nîmes 30
54%
1997 US Ivry
48%
2007 US Ivry
48%
1994 OM Vitrolles
37%
1996 OM Vitrolles
37%
1989 US Créteil
36%
1992 HB Vénissieux 85
7%
Aucun quiz correspondant
Distribution des résultats
% des personnes avec chaque résultat
Percentile par nombre de réponses
Votre historique - résultats
Vous n’avez pas pris ce quiz